Die Weltanschauung der Gegenwart

Guardat en:
Dades bibliogràfiques
Autor principal: Meyer, Hans (autor)
Format: Llibre
Idioma:alemany
Publicat: Wurzburgo Ferdinand Schöningh 1949
Matèries:
Etiquetes: Afegir etiqueta
Sense etiquetes, Sigues el primer a etiquetar aquest registre!

MARC

LEADER 00000nam a2200000 a 4500
001 UCZ4198
003 CL-VaPUC
008 951106e19490000GW |||||||||||||||||ger|d
082 0 4 |a 146.4  |b MEY  |2 21 
100 |a Meyer, Hans  |e autor  |9 348160 
245 1 4 |a Die Weltanschauung der Gegenwart 
300 |a 571 p 
942 |c BK 
945 |d 19951106 00:00:00  |a cmena 
260 |a Wurzburgo  |b Ferdinand Schöningh  |c 1949 
650 0 |a Positivismo  |9 269460 
650 0 |a Filosofía de la religión   |9 256017 
650 0 |a Fenomenología  |9 256519 
650 0 |a Filosofía de la naturaleza  |9 265899 
583 |a last modification  |c 19951106 00:00:00  |k Rodrigo Vera 
999 |c 240615  |d 240613 
952 |0 0  |1 0  |4 0  |6 146_400000000000000_MEY_1949  |7 0  |8 P  |9 252583  |a BIBEDU  |b BIBEDU  |c BIBEDU_PB  |d 2019-11-18  |i 159298K  |o 146.4 MEY 1949  |p 159298K  |r 2024-01-25  |w 2019-11-18  |y BK  |k FIL